Florida vs Florida State - Statistics

General Stats
  • This quiz has been taken 36 times
  • The average score is 11 of 15
Answer Stats
Question Answer % Correct
Who leads the all time series Florida
100%
Tim Tebow was the quarterback of which team Florida
100%
Jameis Winston was the quarterback of which team Florida State
100%
Doak Campbell Stadium is home to which team Florida State
96%
True or False a game has never ended in a tie False
91%
Bobby Bowden was the head coach of which of these teams Florida State
91%
Made the College Football Playoffs Florida State
83%
Who won the first meeting in 1958 Florida
78%
True or False the game in 2020 got canceled due to covid True
74%
True or False these two teams played each other in the National Championship game True
65%
Who won more National Championship Both
61%
Who has the largest victory in this series (49-0) (1973) Florida
52%
Who has more Heisman winnners Tie
48%
Who had the longest win streak in this series Florida
30%
Won a game against Alabama Both
26%
No matching quizzes found
Score Distribution
Percent of People with Each Score
Percentile by Number Answered
Your Score History
You have not taken this quiz